000 00501nmm a2200157Ia 4500
008 251105s9999||||xx |||||||||||||||||und||
020 _a9789878384849
041 _aspa
100 _aBuceta, Martín
245 0 _aCamus, Sartre, Baricco y Proust :
_b Escritores filósofos & filósofos escritores
264 _a[Buenos Aires, Argentina] :
_bEditorial Sb,
_c2021
300 _a113 páginas
650 _aPhilosophy, Ethics
856 _uhttps://public.digitaliapublishing.com/a/129901
942 _cCF
999 _c97733
_d97733